000 00771nam a2200289Ia 4500
001 50612
005 20240114005156.0
007 ta
008 090610s2008 g b000 u Eng u
020 _a81-219-2807-9
_cRs. 150.00
040 _aCotton College Assam
041 _aEng
082 _a591.29
_bAn 72 Te
100 _aAnnadurai, B. .
245 0 _aA Textbook Of Immunology And Immunotechnology /
_cB. Annadurai.
_hTextual Documents
250 _a1st ed. /
260 _aNew Delhi :
_bS. Chand & Company ,
_c2008.
300 _a302p. ;
_c32 cm..
365 _aRs. 150.00
653 _aG-Zoology
653 _aImmunology
942 _2ddc
_cBK
999 _c50577
_d50577